[Event "Panevezys Elite Open 2020"]
[Site "Panevezys"]
[Date "2020.06.26"]
[Round "1.11"]
[White "Golsta, Madara"]
[Black "Butvilas, Aistis"]
[Result "0-1"]
[WhiteElo "1903"]
[BlackElo "2103"]
[Annotator "RC"]
[PlyCount "80"]
[EventDate "2020.06.26"]
[EventType "swiss"]
[EventCountry "LTU"]
[SourceTitle "playchess.com"]
[Source "ChessBase"]
[SourceQuality "1"]
[TimeControl "40/5400+30:1800+30"]

1. e4 {[%emt 0:00:00]} c5 {[%emt 0:00:00]} 2. Nf3 {[%emt 0:00:00]} e6 {[%emt 0:00:00]} 3. d4 {[%emt 0:00:18]} cxd4 {[%emt 0:00:03]} 4. Nxd4 {[%emt 0:00:06]} Nf6 {[%emt 0:00:10]} 5. Nc3 {[%emt 0:01:38]} Nc6 {[%emt 0:00:08]} 6. Nxc6 {[%emt 0:00:31]} bxc6 {[%emt 0:00:25]} 7. e5 {[%emt 0:00:38]} Nd5 {[%emt 0:00:06]} 8. Ne4 {[%emt 0:00:25]} Qc7 {[%emt 0:00:17]} 9. f4 {[%emt 0:00:25]} Qb6 {[%emt 0:00:06]} 10. c4 {[%emt 0:02:28]} Bb4+ {[%emt 0:00:10]} 11. Ke2 {[%emt 0:00:28]} f5 {[%emt 0:00:34]} 12. exf6 {[%emt 0:01:42]} Nxf6 {[%emt 0:01:06]} 13. Nxf6+ {[%emt 0:02:05]} gxf6 {[%emt 0:00:15]} 14. Be3 {[%emt 0:00:24]} Bc5 {[%emt 0:01:17]} 15. Bxc5 {[%emt 0:04:32]} Qxc5 {[%emt 0:00:30]} 16. Rc1 {[%emt 0:05:42]} e5 {[%emt 0:03:43]} 17. Qd2 {[%emt 0:04:08]} Rb8 {[%emt 0:04:28]} 18. b3 {[%emt 0:01:39]} d6 {[%emt 0:00:55]} 19. Qe3 {[%emt 0:05:17]} Qa3 {[%emt 0:08:43]} 20. Rc2 {[%emt 0:02:16]} Bf5 {[%emt 0:00:31]} 21. Rd2 {[%emt 0:02:01]} O-O {[%emt 0:01:53]} 22. Kf2 {[%emt 0:06:35]} Rfe8 {[%emt 0:30:04]} 23. Be2 {[%emt 0:03:16]} Rbd8 {[%emt 0:08:34]} 24. Rhd1 {[%emt 0:07:46]} Bg6 {[%emt 0:10:28]} 25. Kg1 {[%emt 0:07:16]} Qa5 {[%emt 0:09:36]} 26. f5 {[%emt 0:11:54]} Bf7 {[%emt 0:02:33]} 27. Qh6 {[%emt 0:00:48]} Qc5+ {[%emt 0:03:56]} 28. Kh1 {[%emt 0:02:13]} e4 {[%emt 0:00:59]} 29. Rf1 {[%emt 0:07:02]} Qe5 {[%emt 0:01:46]} 30. Rf4 {[%emt 0:04:48]} Kh8 {[%emt 0:01:06]} 31. Rd1 {[%emt 0:04:14]} d5 {[%emt 0:01:16]} 32. h3 {[%emt 0:03:39]} Rg8 {[%emt 0:03:49]} 33. Rdf1 {[%emt 0:02:14]} Rg7 {[%emt 0:00:56]} 34. Rg4 {[%emt 0:07:23]} Rxg4 {[%emt 0:01:09]} 35. hxg4 {[%emt 0:00:13]} Rg8 {[%emt 0:02:14]} 36. cxd5 {[%emt 0:00:25]} cxd5 {[%emt 0:00:03]} 37. Rc1 {[%emt 0:00:57]} d4 {[%emt 0:00:55]} 38. Bc4 {[%emt 0:00:58]} Bxc4 {[%emt 0:00:35]} 39. bxc4 {[%emt 0:00:27]} e3 {[%emt 0:00:31]} 40. Rb1 {[%emt 0:00:33]} e2 {[%emt 0:01:41]} 0-1

[Event "Panevezys Elite Open 2020"]
[Site "Panevezys"]
[Date "2020.06.26"]
[Round "1.12"]
[White "Frick, Christoph"]
[Black "Aleknavicius, Andrius"]
[Result "0-1"]
[WhiteElo "2101"]
[BlackElo "1895"]
[Annotator "TA"]
[PlyCount "69"]
[EventDate "2020.06.26"]
[EventType "swiss"]
[EventCountry "LTU"]
[SourceTitle "playchess.com"]
[Source "ChessBase"]
[SourceQuality "1"]

{[%evp 9,69,73,80,89,74,23,32,23,40,0,0,0,0,-9,0,-18,60,47,94,92,170,133,134,84,136,151,144,142,183,178,202,202,203,195,197,-52,-6,-60,-43,-440,-37,-227,-19,-203,18,19,125,0,50,0,0,0,0,0,0,-1484,-3320,-2235,-2183,-1558,-1518,-29999]} 1. Nc3 f5 2. e4 fxe4 3. d3 Nf6 4. dxe4 e5 5. Bc4 Bc5 6. Nf3 {A00: Irregular Openings.} d6 {[#]} 7. Bg5 $146 (7. Ng5 $16 {Threatens to win with Nf7.} Rf8 8. Nxh7 Bxf2+ 9. Kf1 (9. Kxf2 Nxh7+ 10. Kg1 Qh4 $11) 9... Nxh7 10. Qh5+ {[%mdl 64] Double Attack} Kd7 11. Qxh7) ({Predecessor:} 7. Ng5 Qd7 8. Be6 Qe7 9. Bf7+ Kf8 10. O-O Nc6 11. Bb3 Nd4 12. Bc4 Bd7 13. a3 {½-½ (44) Schramm,A (780)-Wallat,J (760) Willingen 2008}) 7... c6 8. a3 {White is slightly better.} a5 9. Qe2 b5 10. Ba2 Ba6 11. Nd1 Nbd7 12. Ne3 {Strongly threatening Nf5.} Qb6 (12... b4 $11 13. Bc4 Bxc4 14. Nxc4 bxa3) 13. Nf5 O-O-O 14. O-O $1 d5 (14... g6 $16) 15. exd5 (15. Nxg7 $2 b4 $17) 15... cxd5 16. Nxe5 Nxe5 ({Black should play} 16... Rhe8 17. Nxd7 Rxd7) 17. Qxe5 $16 Rhe8 18. Qf4 Re4 19. Qf3 $1 b4 {[#]} 20. axb4 $1 {[%mdl 512]} axb4 {[#] With the idea ...Be2.} 21. Bxd5 $1 {[%mdl 512]} Re5 (21... Rxd5 22. Bxf6) 22. Bxf6 $2 (22. Nxg7 Rxg5 23. Be6+ Kb8 $14) ({Better is} 22. Bb3 $18) 22... Qxf6 $15 23. Be4 ({Wrong is} 23. Rfd1 $2 Be2 $19) (23. Nxg7 $11 Qxf3 24. Bxf3 Bxf1 25. Ra8+ Kc7 26. Rxd8 Kxd8 27. Kxf1) 23... Bxf1 24. Kxf1 $2 {[%mdl 8192]} (24. Rxf1 $15 g6 25. Ng3 Qxf3 26. gxf3) 24... Kc7 $2 (24... Rd2 $19 25. Ra5 Rxf2+ 26. Qxf2 Bxf2 27. Rxe5 Qxe5 {[%mdl 64] Double Attack} 28. Kxf2 Qf4+ 29. Kg1 Qc1+ 30. Kf2 Qf4+ 31. Kg1 Kc7) 25. Ng3 $2 {[#]} (25. Ne3 $15) 25... Qb6 $2 (25... Rd2 $1 $19 {[%cal Rd2f2]} 26. Qxf6 gxf6) 26. Qf4 $2 {[#]} (26. Qf7+ $11 {and White is okay.} Rd7 27. Qc4) 26... Bd6 $2 (26... Qe6 $1 $19 27. Re1 g5) 27. Qf7+ $11 Be7 (27... Rd7 $11 {keeps the balance.} 28. Qc4+ Rc5) 28. f3 (28. Qxg7 $16 Qf6 29. Ra7+ (29. Qxh7 Rh8 $11) 29... Kb6 30. Qxf6+ Bxf6 31. Rb7+ (31. Rxh7 Re6 $16) 31... Ka5 32. Ra7+ (32. Rxh7 Ree8 $16) 32... Kb6 33. Rb7+ (33. Rxh7 Re6 $16) 33... Ka5 34. Rxh7) 28... Qb5+ 29. Bd3 Rxd3 30. cxd3 Qxd3+ 31. Kg1 {aiming for h3.} Qe3+ $40 {[%mdl 128] Black has some attack.} 32. Kh1 $2 {[%mdl 8192] [#]} (32. Kf1 $11) 32... Qe1+ $1 $19 {[%mdl 576] Double Attack. Black is clearly winning.} 33. Nf1 (33. Rxe1 Rxe1+) 33... Qxa1 {[%cal Ra1f1]} 34. Qc4+ Rc5 35. Qe6 {What a bad dream for White. Accuracy: White = 42%, Black = 48%.} 0-1

[Event "Panevezys Elite Open 2020"]
[Site "Panevezys"]
[Date "2020.06.27"]
[Round "2.1"]
[White "Starostits, Ilmars"]
[Black "Brazdzionis, Andrius"]
[Result "1/2-1/2"]
[WhiteElo "2490"]
[BlackElo "2342"]
[Annotator "TA"]
[PlyCount "36"]
[EventDate "2020.06.26"]
[EventType "swiss"]
[EventCountry "LTU"]
[SourceTitle "playchess.com"]
[Source "ChessBase"]
[SourceQuality "1"]

{[%evp 19,22,-47,-36,-78,-63]} 1. d4 Nf6 2. Nf3 d5 3. c4 e6 4. g3 dxc4 5. Qa4+ Nbd7 6. Bg2 a6 7. Qxc4 b5 8. Qc2 Bb7 9. O-O c5 10. a4 b4 11. a5 {E03: Open Catalan: 5 Qa4+ Nbd7 6 Qxc4.} Rc8 {[#]} {Predecessor:} 12. dxc5 $146 Bxc5 13. Qd1 O-O 14. Nbd2 Qe7 15. Nb3 Rfd8 16. Bg5 h6 17. Bd2 Ne4 18. Qe1 Bd6 {½-½ (51) Wisnet,D (2279)-Kovacs,G (2460) Austria 2016} 1/2-1/2

[Event "Panevezys Elite Open 2020"]
[Site "Panevezys"]
[Date "2020.06.27"]
[Round "2.2"]
[White "Juksta, Karolis"]
[Black "Meshkovs, Nikita"]
[Result "0-1"]
[WhiteElo "2366"]
[BlackElo "2582"]
[Annotator "TA"]
[PlyCount "68"]
[EventDate "2020.06.26"]
[EventType "swiss"]
[EventCountry "LTU"]
[SourceTitle "playchess.com"]
[Source "ChessBase"]
[SourceQuality "1"]

{[%evp 9,68,-8,-17,-10,-10,-2,-9,-14,0,0,23,-8,-6,-8,-16,-77,-73,-86,-77,-81,-74,-163,-13,-118,-118,-110,-70,-60,-63,-76,-60,-64,-63,-55,-50,-104,-66,-102,-106,-166,-163,-217,-205,-202,-205,-213,-214,-214,-166,-528,-435,-521,-521,-686,-683,-2284,-2212,-2188,-2074,-5481,-2401]} 1. d4 Nf6 2. c4 e6 3. Nc3 Bb4 4. f3 c5 5. d5 b5 6. e4 {E20: Nimzo-Indian: 4 g3 and 4 f3.} O-O {6...0-0 is the modern continuation.} 7. Bg5 h6 8. Bh4 {The position is equal.} exd5 9. cxd5 Re8 {Strongly threatening ...Nxe4.} 10. Nge2 d6 {[#]} 11. Bf2 $146 ({Predecessor:} 11. g4 c4 12. Bg2 Bc5 13. Nxb5 Qa5+ 14. Nbc3 Nbd7 15. Qd2 Rb8 16. Rb1 Qd8 17. g5 {½-½ (33) Kociscak,J (2435)-Babula,V (2574) Czechia 2013}) 11... Nbd7 12. g3 (12. Qd2 $11) 12... Ba5 $36 {[%mdl 2048] Black has strong initiative.} 13. Bg2 b4 14. Na4 Ba6 15. Be3 (15. b3 $17) 15... b3+ (15... Ne5 $19 {Hoping for ...Nd3+.} 16. O-O {[#]} Nxd5 $1 {[%mdl 576] Deflection} 17. Qxd5 (17. exd5 $2 Ng6 $19) 17... Bxe2) 16. Nac3 (16. Nec3 $1 $11 {keeps the balance.}) 16... bxa2 17. O-O Bxc3 18. Nxc3 Bxf1 19. Bxf1 Qb6 20. Rxa2 a6 {[%cal Ba7a6,Ba6a5,Ba5a4][%mdl 32]} 21. Kg2 Ne5 22. Qa1 (22. Bf4 $15) 22... Reb8 23. f4 Ned7 24. Kf3 (24. Bd3 $17 {is a better defense.}) 24... Qb4 $19 25. Bc1 (25. h3 $142) 25... a5 26. Ra4 Qb3 {Threatens to win with ...Qc2.} 27. Bd3 {[#]} c4 $1 28. Rxc4 Nc5 29. Be2 $2 (29. Rxc5 dxc5 30. Qa4) 29... a4 {Black is clearly winning.} 30. Qa2 Nfxe4 {[%mdl 64] Decoy} 31. Rxe4 Nxe4 32. Kxe4 {intending Qxb3.} Qc2+ {[%mdl 64] Double Attack} 33. Kf3 Qxc1 34. Nxa4 {[#]} Qc2 $1 {Accuracy: White = 40%, Black = 82%.} 0-1

[Event "Panevezys Elite Open 2020"]
[Site "Panevezys"]
[Date "2020.06.27"]
[Round "2.3"]
[White "Heberla, Bartlomiej"]
[Black "Laurusas, Tomas"]
[Result "1-0"]
[WhiteElo "2572"]
[BlackElo "2511"]
[Annotator "TA"]
[PlyCount "79"]
[EventDate "2020.06.26"]
[EventType "swiss"]
[EventCountry "LTU"]
[SourceTitle "playchess.com"]
[Source "ChessBase"]
[SourceQuality "1"]

{[%evp 19,79,62,62,41,45,41,74,46,44,38,61,48,58,36,59,55,155,141,202,202,205,114,108,54,53,0,0,0,0,-28,-22,-17,337,314,342,336,330,327,334,329,320,328,321,329,371,339,352,330,529,527,489,426,437,431,432,429,418,417,633,564,1702,1266]} 1. e4 e5 2. Nf3 Nf6 3. Nxe5 d6 4. Nf3 Nxe4 5. d4 d5 6. Bd3 Nc6 7. O-O Be7 8. Re1 Bg4 9. c3 Nf6 10. Bg5 O-O 11. Nbd2 {C42: Petroff Defence: 3 Nxe5 and unusual White 3rd moves.} h6 12. Bh4 Nd7 13. Bxe7 {White is better.} (13. Bg3 {seems wilder.} Be6 14. Qc2 Bd6 15. Nf1 Nf6 16. Bh4) 13... Nxe7 {[#]} 14. Qb3 $146 ({Predecessor:} 14. Nf1 c6 15. Ng3 Re8 16. h3 Bxf3 17. Qxf3 Nf8 18. Re3 Neg6 19. Rae1 Rxe3 20. fxe3 {1-0 (46) Kozhuharov,S (2426)-Dolmadjan,A (2251) Plovdiv 2007}) 14... Rb8 15. Re3 c6 16. Qa3 Be6 17. Rae1 b6 (17... Nc8 $14) 18. Qd6 $1 $16 Rc8 (18... Rb7 $16 19. g4 Nc8) 19. Nh4 $18 Rc7 20. Rg3 (20. Rxe6 $18 Nc8 21. Qg3 fxe6 22. Rxe6) 20... Nf6 $16 21. Qf4 (21. Rxe6 $16 fxe6 22. Qxe6+ Kh8 23. Ndf3) 21... Kh8 $14 22. Re5 ({White should play} 22. Rge3 $14) 22... Bc8 23. Nf1 $40 {[%mdl 128] White is up to no good.} c5 24. dxc5 (24. Nf3 {with more complications.} c4 25. Bb1 Nc6 26. Rxg7 Kxg7 27. Rg5+) 24... bxc5 25. Ne3 {aiming for Rxe7!} d4 $2 {[%mdl 8192] [#] Black cannot hold the game after this.} (25... Nc6 26. Rxg7 $1 {[%mdl 512]} (26. Rxd5 Nxd5 27. Nxd5 Qxd5 $11) 26... Kxg7 27. Nef5+ Bxf5 28. Nxf5+ Kg8 29. Qxh6 $1 {[%mdl 512]} Ne8 30. Ne7+ $1 {[%mdl 512]} Nxe7 31. Qh7#) (25... Be6 $11 {and Black has nothing to worry.}) 26. Rxe7 $1 $18 {[%mdl 512] White wants to mate with Rxg7.} dxe3 (26... Rxe7 $2 {[#]} 27. Rxg7 $1 {[%mdl 512]} Ng4 28. Rxg4 $18) 27. Qxc7 {[%mdl 64] Double Attack} Qxd3 {[%cal Rd3d1]} 28. Rgxe3 Qc4 29. Nf3 Nd5 30. b3 (30. Rxf7 Nxc7 31. Rxf8+ Kh7 $18) 30... Qa6 31. Qxa7 (31. Qxc5 $6 Nxe3 32. Rxe3 Rd8 $18) 31... Nxe3 {[%csl Ge3][%cal Ra6f1]} 32. Qxa6 ({Not} 32. fxe3 Qe2 $11) 32... Bxa6 33. fxe3 {[%mdl 4096] Endgame KRB-KRN} Bc8 $2 (33... Bd3 {was called for.} 34. Ne5 Bb1) 34. Rc7 Be6 35. Rxc5 Ra8 36. Nd4 Rxa2 37. Nxe6 fxe6 38. b4 {[%cal Bb3b4,Bb4b5][%mdl 32]} Re2 (38... Rb2 $142 39. Rc6 Rb3) 39. b5 Rxe3 40. Kf2 {Accuracy: White = 78%, Black = 50%.} 1-0

[Event "Panevezys Elite Open 2020"]
[Site "Panevezys"]
[Date "2020.06.27"]
[Round "2.4"]
[White "Krivonosov, Oleg"]
[Black "Baum, Jonasz"]
[Result "1/2-1/2"]
[WhiteElo "2391"]
[BlackElo "2373"]
[Annotator "TA"]
[PlyCount "56"]
[EventDate "2020.06.26"]
[EventType "swiss"]
[EventCountry "LTU"]
[SourceTitle "playchess.com"]
[Source "ChessBase"]
[SourceQuality "1"]

{[%evp 23,56,8,24,20,21,27,29,27,31,29,34,46,37,43,41,28,46,35,48,44,81,32,47,28,37,20,40,25,18,0,16,0,20,0,26]} 1. Nf3 Nf6 2. c4 e6 3. g3 b6 4. Bg2 Bb7 5. O-O Be7 6. Nc3 O-O 7. d4 Ne4 8. Nxe4 Bxe4 9. Nh4 Bxg2 10. Nxg2 d6 11. b3 Bf6 12. Bb2 Nd7 13. e4 {E18: Queen's Indian: Old Main Line (4 g3 Bb7 5 Bg2 Be7 6 0-0 0-0 7 Nc3).} c5 {[#]} 14. Ne3 $146 ({Predecessor:} 14. Qd2 cxd4 15. Bxd4 Bxd4 16. Qxd4 Ne5 17. f4 Nc6 18. Qd2 b5 19. cxb5 Qb6+ 20. Ne3 Qxb5 {0-1 (54) Tokranovs,D (2354)-Beerdsen,T (2416) Kopavogur 2018}) 14... Qc7 15. Qd2 {White has an edge.} cxd4 16. Bxd4 Qc6 17. Bxf6 Nxf6 18. f3 Rfd8 19. Rfd1 a5 20. Rac1 Qc5 21. Kg2 h5 22. h4 b5 23. Qd4 {[#] And now Qxc5 would win.} Qc6 24. Rc2 bxc4 25. Qxc4 Qb6 26. Qd4 {The position is equal.} Qb5 27. Qc4 Qb6 28. Qd4 Qb5 {Accuracy: White = 93%, Black = 92%.} 1/2-1/2

[Event "Panevezys Elite Open 2020"]
[Site "Panevezys"]
[Date "2020.06.27"]
[Round "2.5"]
[White "Chukavin, Kirill"]
[Black "Malisauskas, Vidmantas"]
[Result "1/2-1/2"]
[WhiteElo "2348"]
[BlackElo "2423"]
[Annotator "TA"]
[PlyCount "95"]
[EventDate "2020.06.26"]
[EventType "swiss"]
[EventCountry "LTU"]
[SourceTitle "playchess.com"]
[Source "ChessBase"]
[SourceQuality "1"]

{[%evp 13,95,17,18,5,14,1,0,4,4,1,15,0,0,0,0,0,0,0,0,4,33,30,30,33,56,53,36,35,69,0,0,0,2,0,0,0,0,0,8,8,17,13,19,8,8,8,8,6,6,0,0,0,0,0,20,0,6,0,0,0,0,0,0,0,0,0,0,0,0,0,0,0,0,0,0,0,0,0,0,0,0,0,0,0]} 1. e4 c6 2. d4 d5 3. exd5 cxd5 4. Bd3 Nc6 5. c3 Qc7 6. h3 Nf6 7. Nf3 g6 8. O-O {B13: Caro-Kann: Exchange Variation and Panov-Botvinnik Attack.} Bf5 9. Re1 Bxd3 10. Qxd3 Bg7 11. Ne5 Ne4 {[#]} 12. Nd2 $146 ({Predecessor:} 12. Bf4 Nxe5 13. Bxe5 Bxe5 14. dxe5 Qb6 15. Re2 Rd8 16. Na3 O-O 17. Rf1 a6 18. Kh2 {0-1 (37) Bluhm,S (2271)-Batsiashvili,N (2472) Germany 2017}) 12... Nxe5 13. dxe5 Nxd2 14. Bxd2 e6 15. f4 O-O 16. Be3 f6 17. exf6 Bxf6 18. g3 Kf7 19. Bd4 Bxd4+ 20. Qxd4 Qb6 21. Rad1 (21. Qxb6 $14 axb6 22. Re3) 21... Qxd4+ $11 {The position is equal.} 22. Rxd4 {[%mdl 4096] Endgame KRR-KRR} Rac8 23. g4 Rc5 24. Kg2 Kf6 25. Kg3 Rfc8 26. h4 Rc4 27. Rd2 b5 28. g5+ Kf7 29. h5 gxh5 30. Rh2 {[#]} h6 $1 {[%mdl 512]} 31. g6+ (31. gxh6 Rg8+) 31... Kf6 32. Rxh5 Rg8 33. Rxh6 Rc6 34. Kg4 Rg7 35. Re5 a5 36. Rg5 b4 37. cxb4 axb4 38. Rh8 Rc2 39. Rf8+ Ke7 40. Rb8 Rg2+ 41. Kf3 Rxb2 42. f5 {[#] And now Rb7+ would win.} exf5 43. Rg1 Rxa2 44. Kf4 Ra6 45. Kxf5 Rf6+ 46. Ke5 Rfxg6 47. Rxg6 Rxg6 48. Rb7+ {Accuracy: White = 97%, Black = 94%.} 1/2-1/2

[Event "Panevezys Elite Open 2020"]
[Site "Panevezys"]
[Date "2020.06.27"]
[Round "2.6"]
[White "Butvilas, Aistis"]
[Black "Jazdanovs, Aleksandrs"]
[Result "0-1"]
[WhiteElo "2103"]
[BlackElo "2222"]
[Annotator "TA"]
[PlyCount "74"]
[EventDate "2020.06.26"]
[EventType "swiss"]
[EventCountry "LTU"]
[SourceTitle "playchess.com"]
[Source "ChessBase"]
[SourceQuality "1"]

{[%evp 15,74,41,50,29,37,37,27,26,49,29,64,27,37,12,16,15,18,4,6,12,16,-13,-11,-7,0,-37,69,77,85,72,75,65,62,68,68,0,0,0,42,-13,0,-8,0,-47,0,-59,-64,-338,-335,-325,-326,-343,-335,-347,-336,-389,-383,-427,-425,-433,-418]} 1. d4 Nf6 2. c4 c5 3. d5 b5 4. cxb5 a6 5. e3 axb5 6. Bxb5 Qa5+ 7. Nc3 Bb7 8. Bd2 Qb6 9. a4 {A57: Benko/Volga Gambit.} Nxd5 10. Nf3 e6 11. O-O {White has an edge.} Be7 12. Ne5 (12. e4 $5 {[%cal Re4d5]} Nxc3 13. Bxc3 $14) 12... Qc7 13. Nxd5 Bxd5 14. Bc3 Bf6 15. f4 O-O {[#]} 16. Qc2 $146 ({Predecessor:} 16. Qe2 Be4 17. Nc4 Bxc3 18. bxc3 {½-½ (18) Golod,V (2576)-Avrukh,B (2641) Biel 2006}) 16... d6 17. e4 $36 {[%mdl 2048] White has the initiative.} Bb7 18. Nf3 Bxc3 19. bxc3 Nd7 20. Rae1 Nf6 (20... c4 $15) 21. e5 $14 Nd5 22. Ng5 {[%csl Gg5][%cal Rc2h7]} g6 23. Ne4 dxe5 24. fxe5 c4 25. Nf6+ (25. Qd2 $14) 25... Nxf6 $11 26. exf6 Qc5+ 27. Kh1 ({Better is} 27. Qf2 $14 Qg5 28. Re2) 27... Qg5 28. Rf2 Rfd8 29. Bxc4 Qh4 30. Qe2 (30. Bf1 $11) 30... Rxa4 $15 31. Bd3 $2 {[%mdl 8192] [#] Now White is beyond hope.} ({White should play} 31. Bb3 $15 Re4 32. Rd1 Rxd1+ 33. Qxd1) 31... Ra5 $1 $19 {[%cal Ba4a5,Ba5h5,Bh5f5][%mdl 32] ( -> ...Rh5)} 32. Kg1 {[#]} Rh5 $1 33. h3 {[#]} Bxg2 $1 {[%mdl 512]} 34. Rxg2 Rxd3 $1 ({Stronger than} 34... Qxh3 35. Be4 $11) 35. Ra1 {Threatening mate with Ra8+.} Rd8 36. Qf3 {[#] intending Ra8.} Rf5 $1 37. Ra8 {[%cal Ra8d8]} Qxf6 {Accuracy: White = 46%, Black = 82%.} ({Inferior is} 37... Rxf3 38. Rxd8#) 0-1

[Event "Panevezys Elite Open 2020"]
[Site "Panevezys"]
[Date "2020.06.27"]
[Round "2.7"]
[White "Steponavicius, Stasys"]
[Black "Valantiejus, Vaidotas"]
[Result "1-0"]
[WhiteElo "2183"]
[BlackElo "2082"]
[Annotator "TA"]
[PlyCount "93"]
[EventDate "2020.06.26"]
[EventType "swiss"]
[EventCountry "LTU"]
[SourceTitle "playchess.com"]
[Source "ChessBase"]
[SourceQuality "1"]

{[%evp 20,93,41,42,45,31,34,37,50,43,39,39,46,30,73,77,72,77,84,61,99,89,113,111,141,141,141,141,137,149,154,146,147,141,197,123,184,86,148,41,381,381,429,381,375,374,359,339,529,400,785,778,887,887,879,847,886,722,781,716,6032,858,29983,29984,29984,29985,29986,29986,29985,29983,29975,29976,29981,29976,29981,29982]} 1. d4 Nf6 2. c4 c5 3. d5 e6 4. Nc3 exd5 5. cxd5 d6 6. e4 g6 7. Nge2 Bg7 8. Ng3 O-O 9. Be2 a6 10. a4 Nbd7 11. O-O Re8 {A65: Modern Benoni: 6 e4.} 12. Bg5 h6 13. Be3 Rb8 {White is slightly better. was the old line (13...h5).} 14. Qd2 h5 {Strongly threatening ...h4.} 15. f3 Nh7 {[#]} 16. Rab1 $146 ({Predecessor:} 16. Rfd1 h4 17. Nf1 h3 18. g3 b5 19. axb5 axb5 20. Nxb5 Ne5 21. Nc3 {1-0 (46) Ivanchuk,V (2776)-Andreikin,D (2687) Havana 2011}) 16... h4 17. Nh1 $36 {[%mdl 2048] White has strong initiative.} h3 18. g3 Ne5 19. b4 cxb4 20. Rxb4 Qa5 21. Rfb1 {And now Bb6 would win.} Nd7 22. Bd4 Bxd4+ 23. Qxd4 Nc5 24. Nf2 Qd8 25. Nd3 Nxd3 26. Bxd3 Ra8 (26... Ng5 $16 {might work better.} 27. Kf2 f5 28. exf5 a5) 27. f4 (27. Rb6 $18) 27... Qe7 (27... Qf6 $16 28. Bf1 g5 29. Qxf6 Nxf6 30. fxg5 Nh7) 28. Re1 (28. Rb6 $18 {is more deadly.}) 28... Nf6 (28... Bg4 $142) 29. e5 ({White should play} 29. Nd1 $16) 29... Ng4 $2 {[%mdl 8192] [#] Black cannot hold the game after this.} ({Black should try} 29... Bf5 $1 $14) 30. e6 $1 $18 {[%mdl 512]} f5 (30... fxe6 31. Bxg6) 31. Bf1 b5 32. axb5 axb5 33. Bxb5 Rb8 (33... Rd8 {was called for.} 34. Bf1 Ba6 35. Bxh3 Nf6) 34. Reb1 ({Don't blunder} 34. Bxe8 $2 Rxb4 35. Bf7+ Kh7 $19) 34... Rxb5 (34... Rf8 $142 35. Bf1 Rxb4 36. Rxb4 Qf6 37. Qxf6 Nxf6) 35. Nxb5 Bxe6 36. dxe6 Qxe6 37. Qd2 Qe7 38. Nc3 Qa7+ 39. Qd4 Qe7 40. Rb8 Nf6 {[#]} 41. Nd5 $1 {White mates.} Nxd5 42. Qxd5+ Kh8 43. Rxe8+ Qxe8 44. Kf2 Qc8 45. Rd1 Qc2+ 46. Qd2 Qc5+ 47. Qd4+ {Accuracy: White = 76%, Black = 52%.} 1-0

[Event "Panevezys Elite Open 2020"]
[Site "Panevezys"]
[Date "2020.06.27"]
[Round "2.8"]
[White "Stremavicius, Pijus"]
[Black "Golubovskis, Maksims"]
[Result "1-0"]
[WhiteElo "2163"]
[BlackElo "2062"]
[Annotator "TA"]
[PlyCount "169"]
[EventDate "2020.06.26"]
[EventType "swiss"]
[EventCountry "LTU"]
[SourceTitle "playchess.com"]
[Source "ChessBase"]
[SourceQuality "1"]

{[%evp 22,169,10,8,35,29,18,23,36,3,16,7,36,15,10,-15,25,28,29,29,29,29,29,36,45,45,50,39,54,60,58,42,104,94,107,98,136,125,160,95,114,101,105,99,114,114,114,101,113,113,128,128,128,128,128,128,128,128,128,128,128,128,128,128,128,128,128,128,128,97,97,77,77,77,77,77,77,77,77,77,77,77,77,77,77,0,77,77,77,77,77,77,77,77,77,77,77,77,77,77,77,77,77,77,77,77,77,77,920,77,77,77,77,27,27,27,77,27,77,27,481,379,29970,29971,29971,29972,29972,29973,29971,29974,29989,29971,29970,29967,29972,29972,6164,6597,29981,29982,29982,29983,29982,29983,29985,29986,29988,29989,29989,29990]} 1. d4 Nf6 2. Nf3 e6 3. Bg5 c5 4. e3 b6 5. Bd3 Bb7 6. O-O Be7 7. Nbd2 O-O 8. c3 Nc6 9. Qe2 cxd4 10. exd4 Nd5 11. Bxe7 Ncxe7 12. g3 f5 {A47: 1 d4 Nf6 2 Nf3 b6: Torre, London and Colle Systems.} 13. Ba6 Bxa6 14. Qxa6 {[#]} Nc6 $146 {White has an edge.} ({Predecessor:} 14... Qc7 15. Qe2 Rae8 16. Rae1 h6 17. Ne5 g5 18. Qh5 Kg7 19. Qd1 d6 20. Nd3 Ng6 {0-1 (81) Brennan,J-Farrell,N (2140) Scotland 1994}) 15. c4 Nc7 16. Qa3 Qe7 17. Qd3 Qf6 18. Rae1 Rad8 19. Ne5 Nxe5 20. dxe5 Qe7 21. Nf3 d5 22. exd6 Qxd6 23. Qe2 Qd3 24. Ne5 Qxe2 25. Rxe2 Rd6 26. b4 Rfd8 (26... Rc8 $14) 27. b5 $1 $16 a6 28. a4 {[%cal Ba2a4,Ba4b5][%mdl 32]} axb5 29. axb5 Ra8 30. f4 (30. Rb1 $142) 30... Ne8 31. Rff2 Rc8 32. Nc6 Rcxc6 33. bxc6 Rxc6 {[%mdl 4096] Endgame KRR-KRN} 34. Ra2 Rxc4 35. Rfb2 Kf7 36. Ra7+ Rc7 37. Rxc7+ Nxc7 38. Rxb6 {Black must now prevent Rb7. KR-KN} Nd5 39. Rb7+ Kf6 40. h4 h5 41. Kf2 Nc3 42. Rb3 Ne4+ 43. Ke2 Nc5 44. Rc3 Ne4 45. Re3 e5 46. fxe5+ Kxe5 47. Kf3 g6 48. Re2 Ke6 49. Rc2 Kf6 50. Rc6+ Kg7 51. Kf4 Kf7 52. Ke5 Kg7 53. Kf4 Kf7 $1 54. Rb6 Kg7 55. Ra6 Kf7 56. Ke5 $1 Kg7 57. Ra3 Kf7 58. Rb3 Ke7 59. Re3 Kf7 60. Ra3 Ke7 61. Ra7+ Kf8 62. Ke6 Kg8 63. Ra3 $1 Kf8 64. Re3 Ke8 $2 {[%mdl 8192] [#]} (64... Kg8 $16 65. Ra3 Kf8) 65. Rf3 $2 (65. g4 $1 $18 {[%mdl 512] and the rest is easy.} hxg4 (65... fxg4 66. Rxe4) 66. h5 $1 {[%mdl 512]}) 65... Kf8 66. Ra3 Kg8 67. Ra8+ Kg7 68. Rc8 Kh7 69. Re8 {White wants to play Re7+.} Kg7 70. Ra8 Kh7 $2 {[%mdl 8192] [#] White stays focused until the end.} (70... Nxg3 $11 {and Black is okay.} 71. Ra7+ Kh6) 71. Kf7 $1 $18 Nd6+ $2 (71... g5 $18 72. Ra7 Kh6) 72. Kf8 Ne4 73. Ra7+ Kh6 74. Kg8 {[%csl Gg8][%cal Ra7h7]} Nf6+ 75. Kf7 Ng4 76. Re7 Kh7 77. Re6 Nh6+ 78. Kf6 Ng4+ 79. Kg5 Nf2 80. Re7+ {White mates.} Kg8 81. Kxg6 {[%cal Re7e8]} Kf8 82. Rf7+ Kg8 83. Rxf5 {[%mdl 64] Double Attack} Ne4 84. Re5 {[%cal Re5e8]} Nd6 85. Re6 {Accuracy: White = 83%, Black = 73%.} 1-0